000 00780nam a22002417a 4500
005 20160805160048.0
008 160805b xxu||||| |||| 00| 0 eng d
010 _aENG-115652
020 _a9788120352421
_c595.00
035 _aEN-99184
037 _bDBAD / PUB
082 _a005.71376
100 _aSvidergol,Brian
245 _aPlanning for and managing devices in the enterprise :
_cby Svidergol,Brian Robert Clements [and] Charles Pluta
250 _a3rd ed.
260 _aDelhi
_b PHI Learning
_c2016
270 _aRimjhim House111,Patparganj,Indurtial Estate
_b Delhi
_e110091
300 _axii,329p.
_c24 cm (pbk)
500 _aIncludes index
700 _aClements,Robert
700 _aPluta,Charles
942 _2ddc
_cEN
_mSVI
_h005.71376
999 _c101877
_d101877